| 000 | 00408nam a2200145Ia 4500 | ||
|---|---|---|---|
| 008 | 220216s9999 xx 000 0 und d | ||
| 100 | _aBeaven E W J | ||
| 245 | 0 | _aTackmeter for rubber testing | |
| 260 | _bProceedings of the 2nd Rubber Technology Conference, London, 1948; p224-232 | ||
| 650 | _aRubber testing | ||
| 700 | _aCroft-White P G | ||
| 700 | _aGarner P J | ||
| 700 | _aRooney G | ||
| 942 | _cJS | ||
| 999 |
_c70198 _d70198 |
||